000 01149nam a2200253Ia 4500
999 _c37267
_d37267
001 3226
003 GE_BSU
005 20221102111307.0
008 181216s1997ru xx |||||||||||||| ||rus||
020 _a0582231604; 5851730633
040 _cGE_BSU
041 _arus
_heng
082 _2338(075.8) Т-50
100 _aТодаро, М.П.
_915721
245 _aЭкономическое развитие=Economic :
_bDevlopment Учебник /
_cМ.П. Тодаро,Пер.с англ.под. ред. С.М. Яковлева, Л. З Зевина, Гл. ред изд.Н.Д..Эриашвили
264 _aМосква :
_bЭкеономическии факультет МГУ, ЮНИТИ,
_c1997.
300 _a671 ст.:
_b26 см.
653 _aЭкономическое развитие
653 _aᲔკონომიკური განვითარება
700 _aЯковлева, С.М.
_eრედაქტორი
_915722
700 _aЗевина, Л. З
_eრედაქტორი
_915723
700 _aЭриашвили, Н.Д.
_eმთავარი რედაქტორი
_96779
942 _cBK
_2udc